Statistics for US State Pledges

Click here to take the quiz!

General Stats

  • This quiz has been taken 8 times
  • The average score is 38 of 81

Answer Stats

Answer% Correct
a
100%
all
100%
allegiance
100%
and
100%
Carolina
100%
flag
100%
I
100%
Kentucky
100%
Mexico
100%
Michigan
100%
New
100%
North
100%
pledge
100%
state
100%
Texas
100%
the
100%
to
100%
Virginia
100%
of
86%
Ohio
86%
on
86%
one
86%
God
71%
indivisible
71%
under
71%
for
57%
Honor
57%
it
57%
justice
57%
liberty
57%
stands
57%
thee
57%
which
57%
Commonwealth
43%
from
43%
our
43%
salute
43%
States
43%
two
43%
united
43%
with
43%
beautiful
29%
by
29%
diversity
29%
grace
29%
is
29%
love
29%
loyalty
29%
Old
29%
peninsulas
29%
were
29%
where
29%
among
14%
beauty
14%
blessed
14%
born
14%
bridge
14%
Buckeye
14%
cultures
14%
Dominion
14%
equal
14%
friendship
14%
High
14%
ideal
14%
independence
14%
Mother
14%
natural
14%
opportunity
14%
perfect
14%
respect
14%
Statesmen
14%
steel
14%
symbol
14%
wealth
14%
Zia
14%
devotion
0%
faith
0%
patriotic
0%
represents
0%
reverence
0%
sovereign
0%

Score Distribution

Percentile by Number Answered

Percent of People with Each Score

Your Score History

You have not taken this quiz